Responses for Show #3029 - Thursday, October 30, 1997

Contestants

[<< previous game]

Matt Mann, an operations manager from Carpinteria, California

Lyn Jessup, a retired executive secretary from Granada Hills, California

Liza Marshall, an attorney from Arlington, Virginia (whose 1-day cash winnings total $13,601)

[next game >>]

Jeopardy! Round responses

HALLS OF FAME
FAMOUS HALLS
WHATCHA DOIN'?
COOKING ON TV
HISTORIC DOCUMENTS
DOUBLE LETTER PERFECT
    $100 10
the Bee Gees

Matt
    $100 4
Hallmark

Lyn
    $100 9
golfing

Matt
    $100 25
Julia Child

Lyn
    $100 1
the Constitution

Matt
    $100 20
(Lyn: What is a railroad crossing?)

RR

LizaLyn
    $200 11
Barbie

Matt
    $200 5
Mick Jagger

Lyn
    $200 15
playing blackjack

Lyn
    $200 26
The Food Network

Triple Stumper
    $200 2
the atomic bomb

Liza
    $200 21
(Alex: We have a minute left.)

ee (as in honoree)

Triple Stumper
    $300 12
Abbott & Costello

Liza
    $300 6
Fawn Hall

Matt
    $300 16
tuning an automobile

Matt
    $300 27
(Matt: Who is The Soup Czar?)
[The end-of-round signal sounds.]

the Soup Nazi

LynMatt
    $300 3
Switzerland

Matt
    $300 22
BB

Matt
    $400 13
(Liza: Who is Maureen Connolly?)
...
(Alex: You missed one key word in the clue: chess)

Bobby Fischer

Liza
Triple Stumper
    $400 7
the Old Vic

Triple Stumper
    $400 17
(Lyn: What is making a Bacardi?)
(Liza: What is making a margarita?)
(Matt: What is making a mai tai?)

making a daiquiri

LizaLynMatt
Triple Stumper
    $400 14
the Magna Carta

Lyn
    $400 23
ll

Liza
    $500 18
the Iditarod

Liza
    $500 8
the Bowery Boys (or the Dead End Kids or the East Side Kids)

Lyn
    $500 19
Austria

Triple Stumper
    $500 24
pp (pianissimo)

Lyn

Scores at the first commercial break (after clue 14):

Liza Lyn Matt
$100 $1,200 $1,100

Scores at the end of the Jeopardy! Round:

Liza Lyn Matt
$700 $1,800 $1,000

Double Jeopardy! Round responses

BRIT LIT
(Alex: British literature, obviously!)
DANCE
SHEEPISH COUNTRIES
THE OSCARS
POLITICAL POSTS
MORE REDUNDANCY & REPETITION
    $200 1
Jane Eyre

Liza
    $200 5
Fred Astaire

Matt
    $200 14
Australia

Matt
    $200 6
Elton John

Lyn
    $200 15
George H.W. Bush

Liza
    $200 18
stones

Liza
    $400 2
George Eliot

Liza
    $400 9
do-si-do

Matt
    $400 7
"When You Wish Upon A Star"

Triple Stumper
    $400 17
a medical examiner

Lyn
    $400 22
apparatus

Liza
    $600 3
D.H. Lawrence

Lyn
    $600 12
cakewalk

Triple Stumper
    $1,000 8
Close Encounters of the Third Kind

Lyn
    $600 19
(Lyn: What are elders?)

aldermen

Lyn
Triple Stumper
    $600 23
"Live And Let Die"

Matt
    $800 4
Dorian Gray

Lyn
    $800 13
see it

Triple Stumper
    $800 26
Iceland

Matt
    $800 10
Cyrano de Bergerac

Matt
    $800 20
New York City

Matt
    $800 25
whence

Liza
    $1,000 16
Brideshead

Liza
    $1000 27
[The end-of-round signal sounds]

Kazakhstan

Matt
    $1000 11
"Fast Eddie" Felson

Lyn
    $1000 21
(Alex: And we have a minute left.)

a special prosecutor

Liza
    $1000 24
hoi polloi

Liza

Scores at the end of the Double Jeopardy! Round:

Liza Lyn Matt
$5,900 $5,200 $5,800

[wagering suggestions for these scores]

Final Jeopardy! Round responses

THE WESTERN U.S.
(Alex: Which rose like the phoenix from the ashes following the earthquake & fire at the beginning of the century.)
LynWhat is Phoenix, Ariz
$5,198
MattWhat is Phoenix, AZ
$4,399
LizaWhat is Sacramento?
$5,701
San Francisco

Final scores:

Liza Lyn Matt
$199 $2 $1,401
2nd place: Trip to La Casa del Zorro, Borrego Springs, California 3rd place: Motorola StarTac Cellular Phone New champion: $1,401

Game dynamics:

Coryat scores:

Liza Lyn Matt
$5,900 $4,800 $5,800
14 R
(including 1 DD),
2 W
14 R
(including 1 DD),
3 W
16 R,
2 W

Combined Coryat: $16,500

[game clues] [game scores] [suggest correction]

Game tape date: Unknown
The J! Archive is created by fans, for fans. Scraping, republication, monetization, and malicious use prohibited; this site may use cookies and collect identifying information. See terms. The Jeopardy! game show and all elements thereof, including but not limited to copyright and trademark thereto, are the property of Jeopardy Productions, Inc. and are protected under law. This website is not affiliated with, sponsored by, or operated by Jeopardy Productions, Inc. Join the discussion at JBoard.tv.